<?xml version="1.0" encoding="UTF-8"?><?xml-stylesheet type="text/xsl" href="static/style.xsl"?><OAI-PMH xmlns="http://www.openarchives.org/OAI/2.0/" xmlns:xsi="http://www.w3.org/2001/XMLSchema-instance" xsi:schemaLocation="http://www.openarchives.org/OAI/2.0/ http://www.openarchives.org/OAI/2.0/OAI-PMH.xsd"><responseDate>2026-04-17T05:58:39Z</responseDate><request verb="GetRecord" identifier="oai:www.recercat.cat:2445/123755" metadataPrefix="marc">https://recercat.cat/oai/request</request><GetRecord><record><header><identifier>oai:recercat.cat:2445/123755</identifier><datestamp>2025-12-05T04:23:00Z</datestamp><setSpec>com_2072_1057</setSpec><setSpec>col_2072_478809</setSpec><setSpec>col_2072_478917</setSpec></header><metadata><record xmlns="http://www.loc.gov/MARC21/slim" xmlns:dcterms="http://purl.org/dc/terms/" xmlns:xsi="http://www.w3.org/2001/XMLSchema-instance" xmlns:doc="http://www.lyncode.com/xoai" xsi:schemaLocation="http://www.loc.gov/MARC21/slim http://www.loc.gov/standards/marcxml/schema/MARC21slim.xsd">
   <leader>00925njm 22002777a 4500</leader>
   <datafield ind2=" " ind1=" " tag="042">
      <subfield code="a">dc</subfield>
   </datafield>
   <datafield ind2=" " ind1=" " tag="720">
      <subfield code="a">Castells, Antoni (Castells Oliveres)</subfield>
      <subfield code="e">author</subfield>
   </datafield>
   <datafield ind2=" " ind1=" " tag="260">
      <subfield code="c">2018-07-19T12:13:23Z</subfield>
   </datafield>
   <datafield ind2=" " ind1=" " tag="260">
      <subfield code="c">2018-07-19T12:13:23Z</subfield>
   </datafield>
   <datafield ind2=" " ind1=" " tag="260">
      <subfield code="c">2017</subfield>
   </datafield>
   <datafield ind2=" " ind1=" " tag="260">
      <subfield code="c">2018-07-19T12:13:23Z</subfield>
   </datafield>
   <datafield ind2=" " ind1=" " tag="520">
      <subfield code="a">Aquest és un llibre amb dos protagonistes: Francesc Cambó i una empresa elèctrica argentina que va canviar de nom diverses vegades (CATE, CHADE,CADE i SEGBA), al llarg de seixanta anys, sense deixar d'estar gairebé mai controlada per un grup d'accionistes agrupats entorn del hòlding belga-alemany SOFINA. Al llarg de la seva trajectòria com a historiador, Borja de Riquer ja ens havia proporcionat obres imprescindibles per conèixer el que va fer i va representar Francesc Cambó, figura decisiva de la política espanyola del primer terç, gairebé la primera meitat, del segle xx ¿L'últim Cambó (1936-1947), 1996; Francesc Cambó. Entre la monarquia i la República (1930-1932), 2007; Alfonso XII y Cambó. La monarquía y el catalanismo político, 2013. Aquest llibre aborda una faceta de la qual fins ara s'havia tractat poc, o entot cas no se n'havia tractat ni de lluny amb aquesta profunditat, com és la del paper de Cambó en el naixement, desenvolupament i extinció de l'empresa d'energia elèctrica hispanoargentina CHADE.</subfield>
   </datafield>
   <datafield tag="653" ind2=" " ind1=" ">
      <subfield code="a">Ressenyes (Documents)</subfield>
   </datafield>
   <datafield tag="653" ind2=" " ind1=" ">
      <subfield code="a">Història econòmica</subfield>
   </datafield>
   <datafield tag="653" ind2=" " ind1=" ">
      <subfield code="a">Política energètica</subfield>
   </datafield>
   <datafield tag="653" ind2=" " ind1=" ">
      <subfield code="a">Corrupció política</subfield>
   </datafield>
   <datafield tag="653" ind2=" " ind1=" ">
      <subfield code="a">Argentina</subfield>
   </datafield>
   <datafield tag="653" ind2=" " ind1=" ">
      <subfield code="a">Reviews (Documents)</subfield>
   </datafield>
   <datafield tag="653" ind2=" " ind1=" ">
      <subfield code="a">Economic history</subfield>
   </datafield>
   <datafield tag="653" ind2=" " ind1=" ">
      <subfield code="a">Energy policy</subfield>
   </datafield>
   <datafield tag="653" ind2=" " ind1=" ">
      <subfield code="a">Political corruption</subfield>
   </datafield>
   <datafield tag="653" ind2=" " ind1=" ">
      <subfield code="a">Argentina</subfield>
   </datafield>
   <datafield ind2="0" ind1="0" tag="245">
      <subfield code="a">Cambó i la CHADE: empresa i política a la primera meitat del segle XX. [Ressenya de] : Borja de Riquer. 2016. Cambó en Argentina. Negocios y corrupción política. Barcelona: Edhasa, 574 p.</subfield>
   </datafield>
</record></metadata></record></GetRecord></OAI-PMH>